Continuum theory of plasticity / (Record no. 545061)
[ view plain ]
| 000 -LEADER | |
|---|---|
| fixed length control field | 00801cam a2200217 a 4500 |
| 020 ## - INTERNATIONAL STANDARD BOOK NUMBER | |
| International Standard Book Number | 0471310433 (acidfree) |
| 082 00 - DEWEY DECIMAL CLASSIFICATION NUMBER | |
| Classification number | 620.11233 |
| Author Mark | KHA |
| -- | L-39, P-175 |
| 100 1# - MAIN ENTRY--PERSONAL NAME | |
| Personal name | Khan, Akhtar S. |
| 9 (RLIN) | 40814 |
| 245 10 - TITLE STATEMENT | |
| Title | Continuum theory of plasticity / |
| Statement of responsibility, etc. | Akhtar S. Khan, Sujian Huang. |
| 260 ## - PUBLICATION, DISTRIBUTION, ETC. | |
| Place of publication, distribution, etc. | New York : |
| Name of publisher, distributor, etc. | Wiley, |
| Date of publication, distribution, etc. | c1995. |
| 300 ## - PHYSICAL DESCRIPTION | |
| Extent | x, 421 p. : |
| Other physical details | ill. ; |
| Dimensions | 25 cm. |
| 500 ## - GENERAL NOTE | |
| General note | "A Wiley-Interscience publication." |
| 526 ## - STUDY PROGRAM INFORMATION NOTE | |
| Program name | 0 |
| Interest level | 0 |
| Reading level | 0 |
| Title point value | 620_112330000000000_KHA |
| 650 #0 - SUBJECT ADDED ENTRY--TOPICAL TERM | |
| Topical term or geographic name entry element | Continuum mechanics. |
| 9 (RLIN) | 20066 |
| 650 #0 - SUBJECT ADDED ENTRY--TOPICAL TERM | |
| Topical term or geographic name entry element | Plasticity. |
| 9 (RLIN) | 19040 |
| 700 1# - ADDED ENTRY--PERSONAL NAME | |
| Personal name | Huang, Sujian. |
| 9 (RLIN) | 40815 |
| 856 4# - ELECTRONIC LOCATION AND ACCESS | |
| Uniform Resource Identifier | <a href="http://www.loc.gov/catdir/toc/onix01/94013851.html">http://www.loc.gov/catdir/toc/onix01/94013851.html</a> |
| 856 42 - ELECTRONIC LOCATION AND ACCESS | |
| Uniform Resource Identifier | <a href="http://www.loc.gov/catdir/bios/wiley041/94013851.html">http://www.loc.gov/catdir/bios/wiley041/94013851.html</a> |
| 856 42 - ELECTRONIC LOCATION AND ACCESS | |
| Uniform Resource Identifier | <a href="http://www.loc.gov/catdir/description/wiley031/94013851.html">http://www.loc.gov/catdir/description/wiley031/94013851.html</a> |
| 942 ## - ADDED ENTRY ELEMENTS (KOHA) | |
| Source of classification or shelving scheme | |
| Koha item type | Book |
| Withdrawn status | Lost status | Source of classification or shelving scheme | Damaged status | Not for loan | Permanent Location | Current Location | Date acquired | Total Checkouts | Full call number | Barcode | Date last seen | Date last checked out | Price effective from | Koha item type |
|---|---|---|---|---|---|---|---|---|---|---|---|---|---|---|
| Military College of Engineering (MCE) | Military College of Engineering (MCE) | 05/16/2014 | 1 | 620.11233 KHA | MCE-42905 | 05/20/2014 | 05/20/2014 | 05/16/2014 | Book |
